00557 2200205 4500001002100000005001700021008004100038020001800079035002900097090001800126100003500144245003200179250001000211260003300221300002200254440001200276500001500288650002400303990002400327INLIS00000000002364620150121110012.0  a979-26-6124-7 a##a0010-011500000000435 a297.224 Muh s aMuhammad Nashiruddin Al-Albani aShahih Sunan Nasa'i Jilid I aCet 1 aJakartabPustaka Azzamc2013 a844 hlm ; 23,5 cm aJilid I aHard Cover aKumpulan Hadis Nabi a32641/PUSDACIL/2015